Сегментация изображений на основе выделения текстурных и цветовых признаков; Современные техника и технологии; Т. 2

書目詳細資料
Parent link:Современные техника и технологии: сборник трудов XIX международной научно-практической конференции студентов, аспирантов и молодых ученых, Томск, 15-19 апреля 2013 г./ Национальный исследовательский Томский политехнический университет (ТПУ).— , 2013
Т. 2.— 2013.— [С. 290-292]
主要作者: Мин И. В.
企業作者: Национальный исследовательский Томский политехнический университет (ТПУ) Институт кибернетики (ИК) Кафедра оптимизации систем управления (ОСУ)
其他作者: Аксёнов С. В. Сергей Владимирович (научный руководитель)
總結:Заглавие с титульного экрана
語言:俄语
出版: 2013
叢編:Информатика и управление в технических системах
主題:
在線閱讀:http://www.lib.tpu.ru/fulltext/c/2013/C01/V2/142.pdf
格式: MixedMaterials 電子 Book Chapter
KOHA link:https://koha.lib.tpu.ru/cgi-bin/koha/opac-detail.pl?biblionumber=243546

MARC

LEADER 00000naa2a2200000 4500
001 243546
005 20251218113636.0
035 |a (RuTPU)RU\TPU\book\264896 
035 |a RU\TPU\book\264895 
090 |a 243546 
100 |a 20131001d2013 k y0rusy50 ca 
101 0 |a rus 
102 |a RU 
135 |a drnn ---uucaa 
181 0 |a i  
182 0 |a b 
200 1 |a Сегментация изображений на основе выделения текстурных и цветовых признаков  |f И. В. Мин  |g науч. рук. С. В. Аксёнов 
203 |a Текст  |c электронный 
225 1 |a Информатика и управление в технических системах 
300 |a Заглавие с титульного экрана 
320 |a [Библиогр.: с. 292 (6 назв.)] 
337 |a Adobe Reader 
461 1 |0 (RuTPU)RU\TPU\book\263794  |t Современные техника и технологии  |o сборник трудов XIX международной научно-практической конференции студентов, аспирантов и молодых ученых, Томск, 15-19 апреля 2013 г.  |o в 3 т.  |f Национальный исследовательский Томский политехнический университет (ТПУ)   |d 2013 
463 1 |0 (RuTPU)RU\TPU\book\263797  |t Т. 2  |v [С. 290-292]  |d 2013 
610 1 |a труды учёных ТПУ 
610 1 |a электронный ресурс 
610 1 |a сегментация 
610 1 |a изображения 
610 1 |a выделение 
610 1 |a текстурные признаки 
610 1 |a цветовые преобразования 
700 1 |a Мин  |b И. В. 
702 1 |a Аксёнов  |b С. В.  |c специалист в области информатики и вычислительной техники  |c доцент Томского политехнического университета, кандидат технических наук  |f 1983-  |g Сергей Владимирович  |3 (RuTPU)RU\TPU\pers\25383  |4 727 
712 0 2 |a Национальный исследовательский Томский политехнический университет (ТПУ)  |b Институт кибернетики (ИК)  |b Кафедра оптимизации систем управления (ОСУ)  |3 (RuTPU)RU\TPU\col\18702 
801 2 |a RU  |b 63413507  |c 20131001  |g RCR 
856 4 |u http://www.lib.tpu.ru/fulltext/c/2013/C01/V2/142.pdf 
942 |c CF